000 00906nam a2200253Ia 4500
003 OSt
005 20220923211038.0
006 a|||||r|||| 00| 0
007 ta
008 220922b |||||||| |||| 00| 0 pan d
020 _a817205369X (hbk)
_c160
024 _a265,920
037 _b601, 16/02/2012, H.K. Prakashan
_cTextual
040 _aARTS
_cARTS
_bpan
041 _2pan
_apan
082 _aO153,3:g(Y), P6
100 _aਮਹਿਲ ਸਿੰਘ
_9157550
245 0 _aਪੰਜਾਬੀ ਨਾਵਲ ਦਾ ਸਮਾਜ ਇਤਿਹਾਸਕ ਅਧਿਐਨ
_b 1947 ਤਕ
260 _aਅੰਮ੍ਰਿਤਸਰ
_b ਸਿੰਘ ਬ੍ਰਦਰਗ਼
_c2006
300 _a149ਪੰ
_ccm.
650 _aਸਾਹਿਤ ਪੰਜਾਬੀ
_9157551
942 _hO153,3:g(Y), P6
_cTEXL
_2CC
999 _c294441
_d294441